Catálogo de la Biblioteca Horacio González - Universidad Nacional de General Sarmiento

La virgen de los sicarios (Registro nro. 54026)

Detalles MARC
000 -CABECERA
campo de control de longitud fija 02329ngm a22004690a 4500
001 - NÚMERO DE CONTROL
campo de control PT50884
003 - IDENTIFICADOR DEL NÚMERO DE CONTROL
campo de control AR-LpoUNG
005 - FECHA Y HORA DE LA ÚLTIMA TRANSACCIÓN
campo de control 20210202000039.0
007 - CAMPO FIJO DE DESCRIPCIÓN FÍSICA--INFORMACIÓN GENERAL
campo de control de longitud fija vd cvaizq
008 - DATOS DE LONGITUD FIJA--INFORMACIÓN GENERAL
campo de control de longitud fija 191001s2001||||ag |||||||||||||||||spa d
037 ## - FUENTE DE ADQUISICIÓN
Condiciones de disponibilidad $4
040 ## - FUENTE DE LA CATALOGACIÓN
Centro catalogador/agencia de origen AR-LpoUNG
Lengua de catalogación spa
Centro/agencia transcriptor AR-LpoUNG
Normas de descripción aacr
041 ## - CÓDIGO DE LENGUA
Código de lengua del texto/banda sonora o título independiente spa
044 ## - CÓDIGO DEL PAÍS DE LA ENTIDAD EDITORA/PRODUCTORA
Código MARC del país ag
082 0# - NÚMERO DE LA CLASIFICACIÓN DECIMAL DEWEY
Número de clasificación 303.62 381vir
100 1# - ENTRADA PRINCIPAL--NOMBRE DE PERSONA
Nombre de persona Schroeder, Barbet
Término indicativo de función/relación dir.
245 13 - MENCIÓN DE TÍTULO
Título La virgen de los sicarios
260 ## - PUBLICACIÓN, DISTRIBUCIÓN, ETC.
Lugar de publicación, distribución, etc. Buenos Aires :
Nombre del editor, distribuidor, etc. Transeuropa Video Entertainment,
Fecha de publicación, distribución, etc. 2001.
300 ## - DESCRIPCIÓN FÍSICA
Extensión DVD (ca. 97 min.) : son., col.
505 0# - NOTA DE CONTENIDO CON FORMATO
Nota de contenido con formato El inventario 00055797 fue dado de baja por deterioro. 20151105
505 0# - NOTA DE CONTENIDO CON FORMATO
Nota de contenido con formato Hecha en 2000. Guión: Fernando Vallejo. Reparto: Germán Jaramillo, Anderson Ballesteros, Juan David Restrepo, Manuel Busquets, Wilmar Agudelo, Juan Carlos Álvarez, Jairo Alzate, Zulma Arango. Menú interactivo, selección de escenas, infografía, filmografía, trailer, detrás de cámaras, críticas.
520 ## - SUMARIO, ETC.
Sumario, etc. Tras una ausencia de treinta años, el escritor Fernando Vallejo vuelve a Medellín, ciudad donde creció. No queda gran cosa de lo que había dejado: sus padres están muertos, una parte de la ciudad ha sido destruida, la mafia de la cocaína, el cártel de Medellín, siembra el terror mediante bandas de asesinos. En un burdel de chicos, encuentra a Alexis, de dieciséis años. Procedente de barrios pobres, Alexis forma parte de estos asesinos que matan a sueldo y que a su vez son asesinados por jóvenes sin futuro. Ya tiene varias muertes en su conciencia. En esta ciudad de horror, caos y odio, donde las deudas de sangre pasan de hermanos a hermanos y de amigos a amigos, y donde sólo las iglesias son oasis de paz, el amor va a nacer entre ellos. Un amor sin futuro, condenado de antemano, por la realidad que les rodea.
650 #4 - PUNTO DE ACCESO ADICIONAL DE MATERIA--TÉRMINO DE MATERIA
Término de materia o nombre geográfico como elemento de entrada COLOMBIA
650 #4 - PUNTO DE ACCESO ADICIONAL DE MATERIA--TÉRMINO DE MATERIA
Término de materia o nombre geográfico como elemento de entrada CONFLICTOS SOCIALES
650 #4 - PUNTO DE ACCESO ADICIONAL DE MATERIA--TÉRMINO DE MATERIA
Término de materia o nombre geográfico como elemento de entrada CULTURA POPULAR
650 #4 - PUNTO DE ACCESO ADICIONAL DE MATERIA--TÉRMINO DE MATERIA
Término de materia o nombre geográfico como elemento de entrada DRAMA
650 #4 - PUNTO DE ACCESO ADICIONAL DE MATERIA--TÉRMINO DE MATERIA
Término de materia o nombre geográfico como elemento de entrada HOMOSEXUALIDAD
650 #4 - PUNTO DE ACCESO ADICIONAL DE MATERIA--TÉRMINO DE MATERIA
Término de materia o nombre geográfico como elemento de entrada JOVENES
650 #4 - PUNTO DE ACCESO ADICIONAL DE MATERIA--TÉRMINO DE MATERIA
Término de materia o nombre geográfico como elemento de entrada PROBLEMAS SOCIALES
650 #4 - PUNTO DE ACCESO ADICIONAL DE MATERIA--TÉRMINO DE MATERIA
Término de materia o nombre geográfico como elemento de entrada RELACIONES HUMANAS
650 #4 - PUNTO DE ACCESO ADICIONAL DE MATERIA--TÉRMINO DE MATERIA
Término de materia o nombre geográfico como elemento de entrada SOCIOLOGIA URBANA
650 #4 - PUNTO DE ACCESO ADICIONAL DE MATERIA--TÉRMINO DE MATERIA
Término de materia o nombre geográfico como elemento de entrada TRAFICO DE DROGAS
650 #4 - PUNTO DE ACCESO ADICIONAL DE MATERIA--TÉRMINO DE MATERIA
Término de materia o nombre geográfico como elemento de entrada VIOLENCIA
651 #4 - PUNTO DE ACCESO ADICIONAL DE MATERIA--NOMBRE GEOGRÁFICO
Nombre geográfico Colombia
653 ## - TÉRMINO DE INDIZACIÓN--NO CONTROLADO
Término no controlado CINE COLOMBIANO
653 ## - TÉRMINO DE INDIZACIÓN--NO CONTROLADO
Término no controlado CINE ESTADOUNIDENSE
653 ## - TÉRMINO DE INDIZACIÓN--NO CONTROLADO
Término no controlado DVD
653 ## - TÉRMINO DE INDIZACIÓN--NO CONTROLADO
Término no controlado POLICIAL
653 ## - TÉRMINO DE INDIZACIÓN--NO CONTROLADO
Término no controlado VIDEOS
905 ## - ELEMENTOS DE DATOS E LOCAL, LDE (RLIN)
a 50884
942 ## - ELEMENTOS DE PUNTO DE ACCESO ADICIONAL (KOHA)
Tipo de ítem Koha DVD
Existencias
Estado de retiro Estado de pérdida Estado dañado No para préstamo Código de colección Localización permanente Ubicación/localización actual Fecha de adquisición Total de préstamos Signatura topográfica completa Código de barras Fecha visto por última vez Precio válido a partir de Tipo de ítem Koha
        Colección Cine Biblioteca Universidad Nacional de General Sarmiento Biblioteca Universidad Nacional de General Sarmiento 02/02/2021   303.62 381vir 00055796 02/02/2021 02/02/2021 DVD